Mezinárodní srovnání politik sociální pomoci
Gespeichert in:
| 1. Verfasser: | |
|---|---|
| Format: | Buch |
| Sprache: | Tschechisch |
| Veröffentlicht: |
Bratislava
Výzkumný ústav práce a sociálních věcí
1992
|
| Schlagworte: | |
| Tags: |
Keine Tags, Fügen Sie das erste Tag hinzu!
|
MARC
| LEADER | 00000nam a2200000 4500 | ||
|---|---|---|---|
| 001 | c109781 | ||
| 005 | 20221123101759.3 | ||
| 020 | |a 80-7138-070-9 | ||
| 041 | 0 | |a cze | |
| 044 | |a SK | ||
| 245 | 1 | 0 | |a Mezinárodní srovnání politik sociální pomoci |c Autor: Daniela Moyzesová |
| 264 | 1 | |a Bratislava |b Výzkumný ústav práce a sociálních věcí |c 1992 | |
| 300 | |a 52 s. | ||
| 610 | 2 | 0 | |a politika sociálna |
| 610 | 2 | 0 | |a pomoc sociálna |
| 610 | 2 | 0 | |a porovnanie medzinárodné |
| 610 | 2 | 0 | |a politika rodinná |
| 610 | 2 | 0 | |a príjmy rodinné |
| 610 | 2 | 0 | |a procesy sociálne |
| 610 | 2 | 0 | |a zabezpečenie sociálne |
| 610 | 2 | 0 | |a Francúzsko |
| 610 | 2 | 0 | |a Nemecko |
| 610 | 2 | 0 | |a Maďarsko |
| 100 | 1 | |a Moyzesová, Daniela | |